000 00583nam a22001937a 4500
005 20251108165259.0
008 250721s1997 xx 000 0 ara d
082 1 4 _a956.94/رشي
100 1 _aرشيد، فايز
245 1 0 _aتزوير التاريخ في الرد على كتاب نتنياهو :
_bمكان تحت الشمس /
264 1 _aعمان :
_bالمؤلف،
_c1997.
300 _a254ص
650 1 7 _aالصهيونية
650 1 7 _aاليهود
650 1 7 _aالسلام
650 1 7 _aالأحزاب السياسية
942 _2ddc
_cBK
999 _c23989
_d23989